| 000 | 00852nam a22002537a 4500 | ||
|---|---|---|---|
| 003 | OSt | ||
| 005 | 20240805095154.0 | ||
| 008 | 240805b |||||||| |||| 00| 0 eng d | ||
| 020 | _a044302278X (paperback) | ||
| 040 |
_aNUST _beng _cNUST _dNUST _erda |
||
| 050 | _aRC902 REC | ||
| 100 |
_aJones, Norman F _eEditor |
||
| 245 |
_aRecent advances in renal medicine : _bNumber Two _cJones, Norman F |
||
| 260 |
_aLondon : _bChurchill Livingstone, _c1982. |
||
| 300 |
_ax, 323 pages : _bIllustrations ; _c23 cm. |
||
| 336 |
_2rdamedia _atext _btxt |
||
| 337 |
_2rdamedia _aunmediated _bn |
||
| 338 |
_2rdamedia _avolume _bnc |
||
| 504 | _aIncludes bibliographical references. | ||
| 650 | _vKidneys - Diseases- Periodicals. | ||
| 700 |
_aJones, Norman, F _eEditor |
||
| 700 |
_aPeters, D K _eEditor |
||
| 942 |
_2lcc _cBOOKS _hRC902 REC _kRC _mREC _n0 |
||
| 999 |
_c170950 _d170950 |
||